Loading...
| Current Events | 1 | 10.00 | 100% | 0% | 0% |
| Fine Arts - Classical Music | 4 | 10.00 | 50% | 50% | 0% |
| Fine Arts - Other | 6 | 10.00 | 83% | 17% | 0% |
| Fine Arts - Painting and Sculpture | 4 | 10.00 | 75% | 25% | 0% |
| Geography | 1 | 20.00 | 100% | 100% | 0% |
| History - American | 3 | 6.67 | 67% | 0% | 0% |
| History - European | 2 | 20.00 | 100% | 100% | 0% |
| History - Other | 1 | 0.00 | 0% | 0% | 0% |
| History - World | 4 | 10.00 | 100% | 0% | 0% |
| Literature - American | 3 | 13.33 | 100% | 33% | 0% |
| Literature - British | 4 | 7.50 | 75% | 0% | 0% |
| Literature - European | 3 | 13.33 | 100% | 33% | 0% |
| Literature - World | 3 | 16.67 | 67% | 100% | 0% |
| Mythology | 3 | 16.67 | 100% | 33% | 33% |
| Other Academic | 1 | 10.00 | 0% | 0% | 100% |
| Philosophy | 3 | 3.33 | 33% | 0% | 0% |
| Religion | 3 | 13.33 | 100% | 33% | 0% |
| Science - Biology | 3 | 3.33 | 33% | 0% | 0% |
| Science - Chemistry | 7 | 5.71 | 43% | 14% | 0% |
| Science - Other | 5 | 12.00 | 100% | 0% | 20% |
| Science - Physics | 6 | 8.33 | 83% | 0% | 0% |
| Social Science | 1 | 10.00 | 100% | 0% | 0% |